000 00532nam a2200193Ia 4500
005 20250610101354.0
008 008 250505s9999 xx 000 0 eng d
020 _a9789355324702
040 _beng
_cILCL
041 _aeng
_2eng
084 _aX:8F R0
100 _aHilton,Ronald W.
245 0 _aManagerial Accounting: Creating Value in a dynamic business environment
250 _a12
260 _aIndia
_bMcGraw Hill
_c2020
300 _axxx,844p.
700 _aDavid E. Platt
942 _cTB
_2Colon Classification
999 _c1312222
_d1312222